| 000 | 01435nam a2200229Ia 4500 | ||
|---|---|---|---|
| 003 | Ost | ||
| 005 | 20260507075637.0 | ||
| 008 | 260507s9999||||xx |||||||||||||| ||und|| | ||
| 020 | _a6044119957 | ||
| 040 | _cfsecg | ||
| 041 | _aara | ||
| 082 | _a657.45 | ||
| 100 |
_aعبد الله، خالد أمين _eمؤلف |
||
| 245 | 0 |
_aعلم تدقيق الحسابات : _bالناحية العملية / _c خالد أمين عبد الله |
|
| 250 | _aطبعة 2 | ||
| 260 |
_aعمان: _bدار وائل للنشر والتوزيع, _c2004 |
||
| 300 |
_a445 صفحة؛ _bإيضاحات ؛ _c24 سم |
||
| 520 | _aمدخل الى تدقيق الحسابات- تدقيق الأصول المتداولة- تدقيق الأصول الثابتة- الأرصدة المدينة الأخرى- تدقيق الإلتزمات قصيرة وطويلة الأجل- تدقيق الإلتزمات قصيرة وطويلة الأجل- تدقيق حقوق الملكية والمخصصات والأرصدة الدائنة الأخرى- تدقيق القوائم المالية- التدقيق باستخدام العينات الإحصائية- الرقابة الداخلية في ظل استخدام الحاسوب- تدقيق الأنظمة التي تستخدم الحاسوب- علاقة التحليل المالي بتدقيق الحسابات | ||
| 653 | _aالمحاسبة | ||
| 653 | _aتدقيق الحسابات | ||
| 942 | _cكتاب | ||
| 999 |
_c45317 _d45317 |
||